Budovanie partnerstiev v zmysle posilňovania spoločenskej zodpovednosti

Vývoj spoločenskej zodpovednosti v Európe. Podpora myšlienky spoločenskej zodpovednosti Tomášom Baťom a jeho rodinou. Budovanie partnerstiev v spoločenskej zodpovednosti. Spoločenská zodpovednosť vo verejnom vládnutí EÚ.

Guardado en:
Detalles Bibliográficos
Autor principal: Mečár, Miroslav
Otros Autores: Štefková, Nadežda
Formato: Capítulo de libro
Lenguaje:eslovaco
Materias:
Etiquetas: Agregar Etiqueta
Sin Etiquetas, Sea el primero en etiquetar este registro!

MARC

LEADER 00000naa a2200000 4500
001 0144589
005 20230908080312.6
041 0 |a slo 
044 |a CZ 
245 1 0 |a Budovanie partnerstiev v zmysle posilňovania spoločenskej zodpovednosti  |c Miroslav Mečár, Nadežda Štefková 
520 |a Vývoj spoločenskej zodpovednosti v Európe. Podpora myšlienky spoločenskej zodpovednosti Tomášom Baťom a jeho rodinou. Budovanie partnerstiev v spoločenskej zodpovednosti. Spoločenská zodpovednosť vo verejnom vládnutí EÚ. 
610 2 0 |a zodpovednosť spoločenská 
610 2 0 |a Európa 
610 2 0 |a podnikanie zodpovedné 
610 2 0 |a politika sociálna podniková 
100 1 |a Mečár, Miroslav 
700 1 |a Štefková, Nadežda